[Event "KAUPTHING OPEN 2007 B"]
[Site "?"]
[Date "2007.07.12"]
[Round "7.11"]
[White "Duenzel, Jonas"]
[Black "Kruis, Ruud"]
[Result "1/2-1/2"]
[WhiteElo "1900"]
[BlackElo "1988"]
[PlyCount "74"]
[EventDate "2007.07.18"]

1. e4 c6 2. d4 d5 3. e5 Bf5 4. Be2 e6 5. Nd2 Qb6 6. c3 Nd7 7. h4 h6 8. g4 Bh7
9. f4 c5 10. Ngf3 O-O-O 11. a3 Ne7 12. b4 cxd4 13. Nxd4 Nc6 14. N2b3 a6 15. Be3
Qc7 16. Rc1 Nb6 17. Nxc6 Qxc6 18. Na5 Qc7 19. Qd4 Nc4 20. Nxc4 dxc4 21. Qxc4
Qxc4 22. Bxc4 Be4 23. Rh2 Be7 24. Ke2 b5 25. Bb3 Kb7 26. Bc2 Bd5 27. Bd4 Rc8
28. Ke3 Bd8 29. Be4 Bxe4 30. Kxe4 Rc4 31. Ke3 Be7 32. Rd1 Rd8 33. f5 Rxc3+ 34.
Bxc3 Rxd1 35. f6 gxf6 36. exf6 Bd6 37. Rd2 Rxd2 1/2-1/2

[Event "KAUPTHING OPEN 2007 B"]
[Site "?"]
[Date "2007.07.12"]
[Round "7.12"]
[White "Papini, Emmanuel"]
[Black "Parreira, Luis Miguel"]
[Result "0-1"]
[WhiteElo "1866"]
[BlackElo "1969"]
[PlyCount "38"]
[EventDate "2007.07.18"]

1. e4 e6 2. d4 d5 3. exd5 exd5 4. Nf3 Bd6 5. Be2 Ne7 6. Nc3 O-O 7. Nb5 Re8 8.
Nxd6 Qxd6 9. O-O Ng6 10. Qd2 Nd7 11. Ne1 Nf6 12. f3 Bd7 13. Bd1 Re7 14. Nd3 b6
15. b4 Bb5 16. c3 Rae8 17. a4 Bc4 18. Re1 Bxd3 19. Rxe7 Qxe7 0-1

[Event "KAUPTHING OPEN 2007 B"]
[Site "?"]
[Date "2007.07.12"]
[Round "7.13"]
[White "Birtz, Claude"]
[Black "Pietras, Ryszard"]
[Result "1/2-1/2"]
[WhiteElo "1936"]
[BlackElo "1800"]
[PlyCount "38"]
[EventDate "2007.07.18"]

1. d4 d5 2. c4 Nf6 3. Nc3 e6 4. cxd5 exd5 5. Bg5 Be7 6. e3 O-O 7. Bd3 b6 8.
Nge2 Bb7 9. O-O Nbd7 10. Rc1 c5 11. Re1 Re8 12. a3 c4 13. Bc2 a6 14. Ng3 b5 15.
Nf5 Bf8 16. e4 dxe4 17. Nxe4 Qb6 18. Nxf6+ Nxf6 19. Be3 Qc6 1/2-1/2

[Event "KAUPTHING OPEN 2007 B"]
[Site "?"]
[Date "2007.07.12"]
[Round "7.14"]
[White "Wagener, Christophe"]
[Black "Adami, Eric"]
[Result "1/2-1/2"]
[WhiteElo "1930"]
[BlackElo "1653"]
[PlyCount "67"]
[EventDate "2007.07.18"]

1. e4 e5 2. Nf3 d6 3. Bc4 Nc6 4. O-O f5 5. d3 f4 6. d4 Bg4 7. c3 exd4 8. cxd4
Qf6 9. e5 dxe5 10. dxe5 Nxe5 11. Re1 Bd6 12. Qa4+ Bd7 13. Bb5 c6 14. Nxe5 Bxe5
15. Qxf4 cxb5 16. Rxe5+ Kf7 17. Qe3 Rc8 18. Re4 Qd6 19. Bd2 Nf6 20. Rd4 Qb6 21.
Nc3 Rhe8 22. Qf4 Kg8 23. Be3 Qe6 24. h3 a6 25. Rad1 Bc6 26. Rd6 Qf7 27. Qd4 h6
28. Qf4 Kh7 29. Qf5+ Qg6 30. Qxg6+ Kxg6 31. Bd4 Rf8 32. Bb6 Kh7 33. Re1 Rce8
34. Ree6 1/2-1/2

[Event "KAUPTHING OPEN 2007 B"]
[Site "?"]
[Date "2007.07.12"]
[Round "7.15"]
[White "Bariani, Sebastien"]
[Black "Pletsch, Claude"]
[Result "0-1"]
[WhiteElo "1700"]
[BlackElo "1903"]
[PlyCount "58"]
[EventDate "2007.07.18"]

1. e4 c5 2. Nf3 d6 3. c3 Nf6 4. h3 Bd7 5. Bd3 Bc6 6. Qe2 Nbd7 7. O-O e6 8. Na3
Be7 9. Nc4 O-O 10. e5 Bxf3 11. Qxf3 Nxe5 12. Nxe5 dxe5 13. Qxb7 Qxd3 14. Qxe7
Qd5 15. Qc7 c4 16. b4 Rfc8 17. Qe7 Rd8 18. Rb1 Rd7 19. Qc5 Qd3 20. Ba3 Ne4 21.
Qxe5 Rd5 22. Qc7 Nxd2 23. Rbd1 Qxc3 24. Qb7 Rad8 25. Rxd2 Rxd2 26. Qxa7 h6 27.
b5 Rd1 28. b6 Rxf1+ 29. Kxf1 Rd1+ 0-1

[Event "KAUPTHING OPEN 2007 B"]
[Site "?"]
[Date "2007.07.12"]
[Round "7.16"]
[White "Solaroli, Riccardo"]
[Black "Steffen, Robert"]
[Result "1-0"]
[WhiteElo "1929"]
[BlackElo "1552"]
[PlyCount "59"]
[EventDate "2007.07.18"]

1. e4 e6 2. d4 d5 3. Nc3 Bb4 4. e5 c5 5. Bd2 Nc6 6. Nb5 Bxd2+ 7. Qxd2 Nxd4 8.
Nxd4 cxd4 9. Qxd4 Ne7 10. f4 Bd7 11. Nf3 O-O 12. Bd3 Nc6 13. Qf2 f6 14. Qh4 f5
15. Qxd8 Rfxd8 16. c3 a5 17. a4 b6 18. Kd2 Bc8 19. Nd4 Nxd4 20. cxd4 Ba6 21.
Bxa6 Rxa6 22. Rac1 Raa8 23. Rc6 Rab8 24. Rxe6 b5 25. Rb1 bxa4 26. Rc6 a3 27.
Kc2 a2 28. Ra1 Rdc8 29. Rxc8+ Rxc8+ 30. Kd3 1-0

[Event "KAUPTHING OPEN 2007 B"]
[Site "?"]
[Date "2007.07.12"]
[Round "7.17"]
[White "Buchholtz, Léon"]
[Black "Meyer, Mylène"]
[Result "0-1"]
[WhiteElo "1905"]
[BlackElo "1720"]
[PlyCount "114"]
[EventDate "2007.07.18"]

1. d4 d5 2. c4 c6 3. e3 Nf6 4. Nc3 e6 5. Nf3 Bd6 6. Bd3 O-O 7. O-O b6 8. Re1
Ba6 9. b3 dxc4 10. bxc4 Bb4 11. Qc2 c5 12. Re2 Nc6 13. Ne4 h6 14. a3 Ba5 15.
dxc5 Nxe4 16. Bxe4 Rc8 17. Bb2 bxc5 18. Rd1 Qc7 19. Bxc6 Qxc6 20. Ne5 Qb7 21.
f4 Rfd8 22. Rxd8+ Rxd8 23. f5 exf5 24. Rf2 Qb6 25. Nxf7 Rd7 26. Ne5 Rd6 27. h3
Bc8 28. Nd3 Qc6 29. Nf4 Qd7 30. Nd5 Bb7 31. Qxf5 Bxd5 32. Qf8+ Kh7 33. Bxg7 Bg8
34. Be5 Rd1+ 35. Kh2 Bc7 36. Qxc5 Bxe5+ 37. Qxe5 Qd6 38. Qxd6 Rxd6 39. c5 Rc6
40. Rc2 Kg6 41. Kg3 Kf5 42. Kf3 Bd5+ 43. Kf2 h5 44. g4+ hxg4 45. hxg4+ Kxg4 46.
e4 Bxe4 47. Rc4 Kf4 48. Ke2 Ke5 49. Kd2 Kd5 50. Rc3 Kd4 51. Rb3 Rxc5 52. Rb4+
Rc4 53. Rxc4+ Kxc4 54. a4 a5 55. Kd1 Kb3 56. Kc1 Bg6 57. Kd2 Kb2 0-1

[Event "KAUPTHING OPEN 2007 B"]
[Site "?"]
[Date "2007.07.12"]
[Round "7.18"]
[White "Oliva, Jan"]
[Black "Caquard, Frederic"]
[Result "1/2-1/2"]
[WhiteElo "1840"]
[BlackElo "1881"]
[PlyCount "38"]
[EventDate "2007.07.18"]

1. c4 c5 2. Nc3 Nf6 3. Nf3 d5 4. cxd5 Nxd5 5. g3 Nc6 6. Bg2 Nc7 7. O-O e5 8. d3
Be7 9. Bd2 O-O 10. a3 Be6 11. Rb1 f6 12. Qa4 Rc8 13. b4 cxb4 14. axb4 a6 15.
Rfc1 Na7 16. Ne4 Bd7 17. Qb3+ Be6 18. Qa4 Bd7 19. Qb3+ Be6 1/2-1/2

[Event "KAUPTHING OPEN 2007 B"]
[Site "?"]
[Date "2007.07.12"]
[Round "7.19"]
[White "Jouanny, Sebastien"]
[Black "Schneider, Rafael"]
[Result "1-0"]
[WhiteElo "1681"]
[BlackElo "1807"]
[PlyCount "103"]
[EventDate "2007.07.18"]

1. d4 Nf6 2. c4 g6 3. Nc3 Bg7 4. e4 d6 5. f3 O-O 6. Be3 e5 7. Nge2 Nc6 8. Qd2
Bd7 9. O-O-O a5 10. g4 b6 11. d5 Ne7 12. Ng3 Rb8 13. Bd3 c6 14. Rdg1 cxd5 15.
exd5 Ne8 16. Bh6 f5 17. Bxg7 Nxg7 18. h4 f4 19. Nge4 h6 20. Nxd6 Bxg4 21. Rxg4
Qxd6 22. Rhg1 Ngf5 23. Rxg6+ Nxg6 24. h5 Ng3 25. Bxg6 Rbc8 26. b3 Kh8 27. Rxg3
Qb4 28. Rg2 b5 29. Nxb5 Qxb5 30. Bc2 Qc5 31. Re2 Rfe8 32. Qd3 Qg1+ 33. Kd2 Qg7
34. Re1 Qg2+ 35. Kd1 Qg7 36. a3 Rc7 37. Qd2 Qf8 38. d6 Ra7 39. c5 Qf6 40. Bg6
Rd8 41. Qc3 Re8 42. Kc2 Rd8 43. Qxe5 Qxe5 44. Rxe5 Kg8 45. Re8+ Rxe8 46. Bxe8
Ra8 47. d7 Kf8 48. c6 Rxe8 49. dxe8=Q+ Kxe8 50. b4 axb4 51. axb4 Kd8 52. Kd3
1-0

[Event "KAUPTHING OPEN 2007 B"]
[Site "?"]
[Date "2007.07.12"]
[Round "7.20"]
[White "Korman, Ewgenija"]
[Black "Ludewig, Robert"]
[Result "1/2-1/2"]
[WhiteElo "1661"]
[BlackElo "1910"]
[PlyCount "60"]
[EventDate "2007.07.18"]

1. e4 e5 2. Nf3 Nc6 3. Bc4 Bc5 4. d3 d6 5. Ng5 Nh6 6. h3 Qf6 7. O-O Bd7 8. Qh5
Nd4 9. Qd1 a6 10. Nc3 c6 11. Ne2 b5 12. Bb3 Nxb3 13. axb3 Qg6 14. Ng3 f6 15.
Nf3 Bb6 16. Kh2 Ng8 17. Nh4 Qf7 18. f4 Ne7 19. fxe5 dxe5 20. Bd2 c5 21. Bc3 Bc7
22. Qe2 Ng6 23. Nhf5 Nf4 24. Qf2 Ne6 25. Ba5 Qf8 26. Ne3 Bxa5 27. Rxa5 Nf4 28.
Ne2 Nxe2 29. Qxe2 Be6 30. Qh5+ Qf7 1/2-1/2

[Event "KAUPTHING OPEN 2007 B"]
[Site "?"]
[Date "2007.07.12"]
[Round "7.21"]
[White "Lockwood, William"]
[Black "Geschwindt, Gilbert"]
[Result "1-0"]
[WhiteElo "1882"]
[BlackElo "1649"]
[PlyCount "83"]
[EventDate "2007.07.18"]

1. d4 Nf6 2. c4 e6 3. Nc3 Bb4 4. f3 d5 5. a3 Bxc3+ 6. bxc3 c5 7. cxd5 exd5 8.
dxc5 Qa5 9. Qd2 Qxc5 10. Qe3+ Qxe3 11. Bxe3 Nbd7 12. Bd4 O-O 13. e3 b6 14. Bd3
Nc5 15. Bc2 Nfd7 16. Nh3 Ne6 17. O-O Ba6 18. Rfe1 Rac8 19. Bf5 Nxd4 20. cxd4
Rfd8 21. Nf4 Bc4 22. Rac1 g6 23. Bb1 Nf6 24. Nd3 Ba6 25. Ne5 Rxc1 26. Rxc1 Rc8
27. Rxc8+ Bxc8 28. Nc6 Kf8 29. Nxa7 Bd7 30. Bd3 Ne8 31. Nb5 Bxb5 32. Bxb5 Nd6
33. a4 Ke7 34. Kf2 Nb7 35. Bc6 Nd8 36. Bxd5 Kd6 37. e4 Kc7 38. Ke3 Kb8 39. Kd3
Ka7 40. Kc4 Ka6 41. Kb4 f6 42. g3 1-0

[Event "KAUPTHING OPEN 2007 B"]
[Site "?"]
[Date "2007.07.12"]
[Round "7.22"]
[White "Schuster, Tom"]
[Black "Fadil, Hicham"]
[Result "1/2-1/2"]
[WhiteElo "1528"]
[BlackElo "1769"]
[PlyCount "79"]
[EventDate "2007.07.18"]

1. e4 c5 2. Nf3 Nc6 3. Nc3 Nf6 4. d4 cxd4 5. Nxd4 e6 6. a3 Qc7 7. Bc4 Nxd4 8.
Qxd4 Bc5 9. Qd3 Ng4 10. Nd1 Ne5 11. Qg3 Bd6 12. Bd3 Nxd3+ 13. Qxd3 b6 14. Qc3
Qb8 15. Qd3 Bb7 16. Nc3 O-O 17. Be3 f5 18. exf5 Rxf5 19. Rd1 Bd5 20. Nxd5 Rxd5
21. Qe2 Re5 22. Qf3 Rf5 23. Qe4 Re5 24. Qf3 Rf5 25. Qe4 Be5 26. Rxd7 Qc8 27. c3
Qxd7 28. Qxa8+ Kf7 29. Qe4 Qb5 30. Qc2 Bf4 31. Qe2 Bxe3 32. fxe3 Qb3 33. Rf1
Qa2 34. Rxf5+ exf5 35. Kf2 Ke6 36. e4 fxe4 37. Qxe4+ Kf6 38. Qh4+ Kf7 39. Qf4+
Ke6 40. Qe4+ 1/2-1/2

[Event "KAUPTHING OPEN 2007 B"]
[Site "?"]
[Date "2007.07.12"]
[Round "7.23"]
[White "Scholtes, Théo"]
[Black "Poscic, Mark"]
[Result "1-0"]
[WhiteElo "1765"]
[BlackElo "1592"]
[PlyCount "57"]
[EventDate "2007.07.18"]

1. b3 d5 2. Bb2 c5 3. Nf3 Nc6 4. e3 Bf5 5. d4 Nb4 6. Bb5+ Bd7 7. Bxd7+ Qxd7 8.
a3 Na6 9. Ne5 Qf5 10. dxc5 e6 11. Qd3 Qxd3 12. Nxd3 f6 13. b4 Nh6 14. Nd2 Be7
15. c4 dxc4 16. Nxc4 Rd8 17. Ke2 e5 18. Rhd1 O-O 19. Ne1 Nc7 20. Na5 b6 21.
cxb6 axb6 22. Nc6 Nd5 23. Rxd5 Bd6 24. Rad1 Nf7 25. Nxd8 Rxd8 26. Nf3 Bc7 27.
Rxd8+ Nxd8 28. Rd7 Ne6 29. Re7 1-0

[Event "KAUPTHING OPEN 2007 B"]
[Site "?"]
[Date "2007.07.12"]
[Round "7.24"]
[White "Mahan, James Robert"]
[Black "Steil, Raymond"]
[Result "1/2-1/2"]
[WhiteElo "1514"]
[BlackElo "1731"]
[PlyCount "80"]
[EventDate "2007.07.18"]

1. d4 Nf6 2. Nf3 g6 3. e3 Bg7 4. Bd3 d6 5. O-O O-O 6. Nbd2 Nbd7 7. e4 e5 8. c3
Qe7 9. Re1 Re8 10. b3 b6 11. Qc2 a5 12. a4 Qd8 13. Bb2 Bb7 14. Rad1 h6 15. Nc4
Qc8 16. dxe5 Nxe5 17. Ncxe5 dxe5 18. b4 Nh5 19. Bc1 Qg4 20. h3 Qe6 21. Be2 Rad8
22. Rxd8 Rxd8 23. Nh2 Nf6 24. Bg4 Nxg4 25. Nxg4 Kh7 26. f4 exf4 27. Bxf4 f5 28.
Nf2 fxe4 29. Nxe4 Qc4 30. Qe2 Qxe2 31. Rxe2 Bxe4 32. Rxe4 Bxc3 33. Bxc7 Rd1+
34. Kh2 Bxb4 35. Bxb6 Rb1 36. Bc7 Ra1 37. Rd4 Rxa4 38. Bxa5 Rxa5 39. Rxb4 h5
40. Rb7+ Kh6 1/2-1/2

[Event "KAUPTHING OPEN 2007 B"]
[Site "?"]
[Date "2007.07.12"]
[Round "7.25"]
[White "Salentiny, Eric"]
[Black "Ferri, Doriano"]
[Result "1-0"]
[WhiteElo "1708"]
[BlackElo "1646"]
[PlyCount "65"]
[EventDate "2007.07.18"]

1. e4 c6 2. d4 d5 3. e5 Bf5 4. Bd3 Bxd3 5. Qxd3 e6 6. c3 Nd7 7. Ne2 c5 8. O-O
Rc8 9. f4 cxd4 10. cxd4 Qb6 11. Nd2 Ne7 12. Ng3 g6 13. Nf3 Bg7 14. b3 O-O 15.
Ne2 Rc7 16. Ba3 Re8 17. Bxe7 Rxe7 18. g4 Re8 19. g5 Bf8 20. h4 Rec8 21. Kg2 Ba3
22. h5 Rc2 23. Rf2 R8c6 24. hxg6 fxg6 25. Kg3 Qc7 26. Rh1 Nf8 27. Rfh2 Rxa2 28.
Nh4 Qg7 29. Kg4 Rcc2 30. Qf3 a5 31. Kg3 b5 32. Nc3 b4 33. Nxa2 1-0

[Event "KAUPTHING OPEN 2007 B"]
[Site "?"]
[Date "2007.07.12"]
[Round "7.26"]
[White "Kasparova, Eva"]
[Black "Marchal, Roger"]
[Result "1/2-1/2"]
[WhiteElo "1400"]
[BlackElo "1682"]
[PlyCount "43"]
[EventDate "2007.07.18"]

1. Nf3 Nf6 2. d3 d5 3. Nbd2 c5 4. e4 Nc6 5. Be2 e5 6. O-O Bd6 7. c3 O-O 8. Qc2
b6 9. a3 dxe4 10. dxe4 Bb7 11. Rd1 Qc7 12. a4 Rad8 13. Re1 Na5 14. Bf1 Rd7 15.
Nc4 Nxc4 16. Bxc4 Rfd8 17. Bb5 Bc6 18. Nd2 Be7 19. Bxc6 Qxc6 20. Nc4 Bd6 21.
Bd2 Bb8 22. f3 1/2-1/2

[Event "KAUPTHING OPEN 2007 B"]
[Site "?"]
[Date "2007.07.12"]
[Round "7.27"]
[White "Gambucci, Daniela"]
[Black "Thiebaux, Jean-Claude"]
[Result "0-1"]
[WhiteElo "1377"]
[BlackElo "1836"]
[PlyCount "128"]
[EventDate "2007.07.18"]

1. d4 d5 2. Nf3 c6 3. Bf4 Nf6 4. e3 Bf5 5. Bd3 Bg6 6. Nbd2 e6 7. h3 Bh5 8. c3
Be7 9. Qc2 Nbd7 10. Ne5 Nxe5 11. Bxe5 Bd6 12. g4 Bg6 13. g5 Bxe5 14. dxe5 Nd7
15. f4 Bxd3 16. Qxd3 Nc5 17. Qc2 Qb6 18. Ke2 O-O-O 19. Rhd1 g6 20. b4 Qa6+ 21.
Kf2 Qa4 22. Qxa4 Nxa4 23. c4 Nb2 24. c5 Nxd1+ 25. Rxd1 h6 26. Nf3 Rd7 27. Ke2
Kd8 28. h4 Ke7 29. a3 hxg5 30. hxg5 a5 31. Rd4 axb4 32. axb4 Ra8 33. Rd2 Ra4
34. Rb2 Rc7 35. Nd4 Ra8 36. Nf3 Rb8 37. Nd4 Rcc8 38. Rb3 Kd7 39. Kd3 b6 40. Kc3
b5 41. Kd3 Ra8 42. Nc2 Rh8 43. Ra3 Ra4 44. Rb3 Rh2 45. Kc3 Rh1 46. Kd2 Ra2 47.
Kc3 Rd1 48. Rb2 Ra8 49. Nd4 Rc1+ 50. Kb3 Rca1 51. Nc2 Rc1 52. Nd4 Kc7 53. Nc2
Kb7 54. Nd4 Rh8 55. Rc2 Rd1 56. Re2 Rhh1 57. Nf3 Rb1+ 58. Kc3 Rhc1+ 59. Rc2
Rxc2+ 60. Kxc2 Rxb4 61. Nd4 Rc4+ 62. Kb3 Rxc5 63. Nc2 Rxc2 64. Kxc2 Kb6 0-1

[Event "KAUPTHING OPEN 2007 B"]
[Site "?"]
[Date "2007.07.12"]
[Round "7.28"]
[White "Scheerer, Daniel"]
[Black "Meisch, Jean-Paul"]
[Result "1-0"]
[WhiteElo "1716"]
[BlackElo "1456"]
[PlyCount "99"]
[EventDate "2007.07.18"]

1. e4 g6 2. d4 Bg7 3. Be3 d6 4. Nc3 Bd7 5. Qd2 Nc6 6. O-O-O f5 7. Bc4 Nf6 8.
Nf3 Ng4 9. Ng5 Nxe3 10. fxe3 Qc8 11. Kb1 e6 12. Rhf1 Na5 13. Bd3 Qd8 14. Nf3
Qe7 15. Nb5 Bxb5 16. Bxb5+ Nc6 17. d5 exd5 18. exd5 Qf6 19. c3 O-O 20. dxc6
bxc6 21. Bxc6 Rab8 22. Bd5+ Kh8 23. Nd4 Bh6 24. Ne6 Rf7 25. Qd4 Qxd4 26. exd4
Re7 27. Rde1 Rb6 28. g3 c6 29. Bb3 Reb7 30. Nd8 Rd7 31. Re8+ Kg7 32. Rfe1 Bg5
33. Ne6+ Kh6 34. Nxg5 Kxg5 35. R1e7 Rbb7 36. Rxd7 Rxd7 37. Ba4 Rc7 38. Re6 c5
39. Rxd6 cxd4 40. Rxd4 Re7 41. h4+ Kh5 42. Bd1+ Kh6 43. g4 fxg4 44. Bxg4 Re5
45. Ra4 a5 46. a3 Kg7 47. Rd4 h5 48. Bd1 Kh6 49. b4 axb4 50. axb4 1-0

[Event "KAUPTHING OPEN 2007 B"]
[Site "?"]
[Date "2007.07.12"]
[Round "7.29"]
[White "Dording, Fränz"]
[Black "Kessler, Lucien"]
[Result "0-1"]
[WhiteElo "1251"]
[BlackElo "1553"]
[PlyCount "63"]
[EventDate "2007.07.18"]

1. e4 d5 2. exd5 Nf6 3. c4 e6 4. Nc3 exd5 5. cxd5 Nxd5 6. Nxd5 Qxd5 7. Nf3 Bg4
8. Be2 Nc6 9. h3 Bf5 10. O-O Bd6 11. d4 O-O 12. Bd3 Bxd3 13. Qxd3 Rad8 14. Be3
Nb4 15. Qb1 Rfe8 16. a3 Nc6 17. Qa2 Qf5 18. Qb1 Qd7 19. d5 Ne5 20. Nxe5 Bxe5
21. Rd1 Qb5 22. Rd2 Rxd5 23. Rxd5 Qxd5 24. Qd1 Qxd1+ 25. Rxd1 Bxb2 26. Bc5 b6
27. Be3 Bxa3 28. Rd7 Bd6 29. g3 a5 30. Bf4 Bxf4 31. gxf4 Rc8 32. Kf1 0-1

[Event "KAUPTHING OPEN 2007 B"]
[Site "?"]
[Date "2007.07.12"]
[Round "7.30"]
[White "Pinheiro, Philippe"]
[Black "Clement, Marc"]
[Result "1-0"]
[WhiteElo "1540"]
[BlackElo "1432"]
[PlyCount "139"]
[EventDate "2007.07.18"]

1. d4 d5 2. c4 e5 3. dxe5 d4 4. Nf3 Nc6 5. g3 Bg4 6. Bf4 Bb4+ 7. Nbd2 Bxf3 8.
exf3 d3 9. Qa4 Qd4 10. Rb1 Qxc4 11. Kd1 Qc2+ 12. Qxc2 dxc2+ 13. Kxc2 Nd4+ 14.
Kc1 O-O-O 15. Bh3+ Kb8 16. Be3 Bxd2+ 17. Bxd2 Nxf3 18. Bc3 Ne7 19. Bg2 Nd4 20.
Bxd4 Rxd4 21. Rd1 Rc4+ 22. Kd2 Rd8+ 23. Ke1 Rcd4 24. Rxd4 Rxd4 25. Rd1 Rxd1+
26. Kxd1 c5 27. Be4 g6 28. Ke2 b6 29. f4 Kc7 30. g4 Kd8 31. f5 Kc7 32. f6 Kd7
33. fxe7 Kxe7 34. Bd5 g5 35. Kd3 h6 36. Kc4 f6 37. exf6+ Kxf6 38. Bb7 Ke5 39.
Kd3 Kf6 40. Bc8 Ke5 41. Ke3 Kd5 42. b3 Ke5 43. Bb7 b5 44. Ba6 c4 45. bxc4 bxc4
46. Bxc4 Kf6 47. Ke4 Kg6 48. h3 Kf6 49. a4 a5 50. Kd5 Ke7 51. Kc6 Kf6 52. Kb6
Ke5 53. Kxa5 Kf4 54. Kb4 Kg3 55. Bf1 Kf2 56. a5 Kxf1 57. a6 Kg2 58. a7 Kxh3 59.
a8=Q Kxg4 60. Qg2+ Kf4 61. Qh2+ Kf5 62. Qxh6 Kg4 63. Qh2 Kf3 64. Qg1 g4 65. Kc3
g3 66. Qf1+ Kg4 67. Qg2 Kf4 68. Kd4 Kg4 69. Ke4 Kh4 70. Kf4 1-0

[Event "KAUPTHING OPEN 2007 B"]
[Site "?"]
[Date "2007.07.12"]
[Round "7.31"]
[White "Cressa, Luca"]
[Black "Boyarchenko, Alexander Sr"]
[Result "0-1"]
[WhiteElo "1250"]
[BlackElo "1544"]
[PlyCount "72"]
[EventDate "2007.07.18"]

1. e4 c6 2. d4 d5 3. e5 Bf5 4. Nf3 e6 5. Nc3 c5 6. Bd3 Bg4 7. O-O Nc6 8. Be3 a6
9. a3 cxd4 10. Nxd4 Bxd1 11. Raxd1 Nxd4 12. Bxd4 Rc8 13. Na4 Qa5 14. b3 b5 15.
Nc5 Bxc5 16. Bxc5 Rxc5 17. b4 Qc7 18. bxc5 Ne7 19. f4 Qxc5+ 20. Rf2 O-O 21. g4
Qxa3 22. h4 Ng6 23. h5 Ne7 24. g5 Nf5 25. h6 gxh6 26. gxh6 Qc5 27. Kf1 Ne3+ 28.
Ke1 Nxd1 29. Rg2+ Kh8 30. Kxd1 Rg8 31. Rxg8+ Kxg8 32. f5 exf5 33. Bxf5 Qg1+ 34.
Kd2 Qf2+ 35. Kc1 Qxf5 36. e6 fxe6 0-1

[Event "KAUPTHING OPEN 2007 B"]
[Site "?"]
[Date "2007.07.12"]
[Round "7.32"]
[White "Jagiello, Robert"]
[Black "Berchem Lux, Stéphane"]
[Result "1-0"]
[WhiteElo "1292"]
[BlackElo "1200"]
[PlyCount "67"]
[EventDate "2007.07.18"]

1. e4 e5 2. Nf3 Nf6 3. Bc4 Nc6 4. Ng5 d5 5. exd5 Nxd5 6. Nxf7 Kxf7 7. Qf3+ Qf6
8. Qxd5+ Be6 9. Qd7+ Qe7 10. Bxe6+ Kf6 11. Qxe7+ Bxe7 12. Bc4 Nd4 13. Na3 Bxa3
14. bxa3 Nxc2+ 15. Kd1 Nxa1 16. Bb2 b5 17. Bd5 c6 18. Bxc6 Rac8 19. Be4 Rc4 20.
f3 Rhc8 21. Bc3 a5 22. Ke2 b4 23. Bxa1 Rc1 24. Rxc1 Rxc1 25. Bb2 Rh1 26. h3 Rg1
27. Kf2 Rd1 28. Ke2 Rg1 29. Kf2 Rd1 30. Ke3 Rg1 31. f4 Re1+ 32. Kd3 bxa3 33.
Bc3 Rc1 34. fxe5+ 1-0

[Event "KAUPTHING OPEN 2007 B"]
[Site "?"]
[Date "2007.07.12"]
[Round "7.33"]
[White "Hoefer, Michael"]
[Black "Yanovska, Violeta"]
[Result "1-0"]
[WhiteElo "1423"]
[BlackElo "1200"]
[PlyCount "24"]
[EventDate "2007.07.18"]

1. e4 c5 2. Nf3 a6 3. d4 cxd4 4. Nxd4 b5 5. c4 b4 6. Be2 Qc7 7. Bf3 e6 8. O-O
Bb7 9. e5 f6 10. Bxb7 Ra7 11. Bf3 fxe5 12. Nc2 h5 1-0

[Event "KAUPTHING OPEN 2007 B"]
[Site "?"]
[Date "2007.07.13"]
[Round "8.1"]
[White "Morozova, Julia"]
[Black "Schweitzer, Marc"]
[Result "1-0"]
[WhiteElo "2073"]
[BlackElo "1912"]
[PlyCount "145"]
[EventDate "2007.07.18"]

1. d4 Nf6 2. Nf3 b6 3. e3 Bb7 4. Bd3 d6 5. b3 g6 6. Bb2 Bg7 7. c4 Nbd7 8. O-O
O-O 9. Qe2 Re8 10. e4 e5 11. d5 Nc5 12. Bc2 a5 13. Nc3 Bc8 14. a3 Nb7 15. b4
Bd7 16. Ba4 Bxa4 17. Nxa4 Qd7 18. Nc3 Rec8 19. Rfd1 Qe8 20. Nb5 Qd7 21. Rac1
axb4 22. axb4 Ne8 23. Ra1 Rxa1 24. Rxa1 Nd8 25. Ra7 Rb8 26. Qc2 f6 27. Nd2 Nf7
28. Qd3 Qd8 29. Qa3 Bf8 30. Nc3 Be7 31. b5 Qc8 32. Na2 Nd8 33. Nb4 Qg4 34. Qf3
Qxf3 35. Nxf3 Kf7 36. Ne1 f5 37. f3 fxe4 38. fxe4 Bg5 39. Nf3 Be3+ 40. Kf1 Kf6
41. Ke2 Bh6 42. Ne1 Rc8 43. Ned3 Bf8 44. Bc1 g5 45. g4 Kg6 46. Ne1 Bg7 47. Ng2
Bf6 48. Ne3 Nf7 49. Nf5 Nh6 50. Kf3 Nxf5 51. exf5+ Kf7 52. h4 h6 53. Nd3 Kg7
54. hxg5 hxg5 55. Nf2 Kh6 56. Ne4 Rd8 57. Ra2 Be7 58. Rh2+ Kg7 59. Bxg5 Bxg5
60. Nxg5 Ra8 61. Ne6+ Kg8 62. g5 Ra3+ 63. Kg4 Rc3 64. f6 Rxc4+ 65. Kf5 Rc1 66.
Kg6 Rf1 67. Nd8 Nxf6 68. gxf6 Rg1+ 69. Kf5 Rf1+ 70. Ke6 e4 71. f7+ Kg7 72. Rg2+
Kh8 73. Ke7 1-0

[Event "KAUPTHING OPEN 2007 B"]
[Site "?"]
[Date "2007.07.13"]
[Round "8.2"]
[White "Schartz, Alain"]
[Black "Carrillo, Jesus"]
[Result "1-0"]
[WhiteElo "2199"]
[BlackElo "2173"]
[PlyCount "57"]
[EventDate "2007.07.18"]

1. e4 c5 2. c3 Nf6 3. e5 Nd5 4. d4 cxd4 5. Nf3 g6 6. Bc4 Nb6 7. Bb3 Bg7 8. cxd4
Nc6 9. O-O O-O 10. Nc3 d5 11. h3 Bf5 12. Nh4 e6 13. Nxf5 gxf5 14. Ne2 f6 15. f4
Nc4 16. Bc2 fxe5 17. fxe5 Qb6 18. Kh1 Nxb2 19. Bxb2 Qxb2 20. Rf3 Nb4 21. Ba4 b5
22. Rb3 Nd3 23. Rxb2 Nxb2 24. Qb3 Nc4 25. Qxb5 Nb6 26. Nf4 Kf7 27. g4 fxg4 28.
hxg4 Bh6 29. Nxe6 1-0

[Event "KAUPTHING OPEN 2007 B"]
[Site "?"]
[Date "2007.07.13"]
[Round "8.3"]
[White "Bakalarz, Leszek"]
[Black "Lobzhanidze, Anna"]
[Result "0-1"]
[WhiteElo "2105"]
[BlackElo "2086"]
[PlyCount "77"]
[EventDate "2007.07.18"]

1. e4 e5 2. Nf3 Nc6 3. Bb5 a6 4. Ba4 d6 5. O-O Bd7 6. c3 g6 7. d4 Bg7 8. h3 b5
9. Bb3 Nf6 10. Re1 O-O 11. Nbd2 h6 12. Nf1 Re8 13. Ng3 Rb8 14. a3 a5 15. d5 Ne7
16. Nh2 a4 17. Ba2 Nh7 18. Ng4 Ng5 19. h4 h5 20. hxg5 hxg4 21. Bb1 Nc8 22. Bd3
Nb6 23. Be2 Qc8 24. Nf1 Bf8 25. Ne3 g3 26. f3 Be7 27. Nf1 Qd8 28. Qd2 Kg7 29.
Nxg3 Rh8 30. Bd3 Be8 31. Qe3 Nd7 32. Bd2 Nc5 33. Bc2 Nb7 34. Rad1 Na5 35. Bc1
Nc4 36. Qa7 Ra8 37. Qb7 Na5 38. Qxa8 Qxa8 39. Kf2 0-1

[Event "KAUPTHING OPEN 2007 B"]
[Site "?"]
[Date "2007.07.13"]
[Round "8.4"]
[White "Hoefer, Ulrich"]
[Black "Nguyen-Huu, Hoang"]
[Result "1-0"]
[WhiteElo "1940"]
[BlackElo "2103"]
[PlyCount "45"]
[EventDate "2007.07.18"]

1. Nf3 c6 2. d4 Qc7 3. e4 d6 4. Bc4 h6 5. Bf4 Nd7 6. c3 b5 7. Bb3 e5 8. Be3
Ngf6 9. Bc2 Be7 10. h3 a6 11. Nbd2 Bb7 12. Nf1 Nb6 13. Ng3 g6 14. Qc1 Bf8 15.
b3 Nbd7 16. O-O Bg7 17. Qd2 Rc8 18. Rfd1 h5 19. Rac1 O-O 20. Nh4 Rce8 21. Bh6
Bc8 22. Bxg7 Kxg7 23. Nhf5+ 1-0

[Event "KAUPTHING OPEN 2007 B"]
[Site "?"]
[Date "2007.07.13"]
[Round "8.5"]
[White "Nikolaeva, Maria"]
[Black "Henrichs, Wenke"]
[Result "1/2-1/2"]
[WhiteElo "2091"]
[BlackElo "2079"]
[PlyCount "115"]
[EventDate "2007.07.18"]

1. Nf3 g6 2. g3 Bg7 3. Bg2 d6 4. d4 Nf6 5. c4 O-O 6. O-O Na6 7. Nc3 c5 8. h3
cxd4 9. Nxd4 Nc5 10. b4 Ncd7 11. Bb2 a5 12. bxa5 Qxa5 13. Nb3 Qh5 14. e3 Ne5
15. Qxh5 Nxh5 16. Nd5 Nf3+ 17. Bxf3 Bxb2 18. Nxe7+ Kg7 19. Rab1 Rxa2 20. Nxc8
Rxc8 21. Nc1 Bxc1 22. Rfxc1 Nf6 23. Rxb7 Rc5 24. Rb5 Rc7 25. Rb6 d5 26. c5 Ra5
27. c6 h5 28. Rb7 Rxb7 29. cxb7 Rb5 30. Rc7 Rb1+ 31. Kg2 Rb2 32. h4 Ne4 33.
Bxe4 dxe4 34. Re7 Kf6 35. Rxe4 Rxb7 36. Kf3 Rb2 37. Ra4 Rc2 38. e4 Rb2 39. Ke3
Ke6 40. Ra6+ Ke7 41. e5 Rb4 42. Rd6 Ra4 43. Rd4 Ra5 44. Kf4 Ra2 45. f3 Ra5 46.
Rb4 Rc5 47. Rb7+ Ke6 48. Rb6+ Ke7 49. Ke4 Ra5 50. Rb4 Ra3 51. Kf4 Ra5 52. g4
hxg4 53. fxg4 Kf8 54. Rb7 Ra6 55. h5 gxh5 56. gxh5 Kg7 57. Kg5 Re6 58. Kf5
1/2-1/2

[Event "KAUPTHING OPEN 2007 B"]
[Site "?"]
[Date "2007.07.13"]
[Round "8.6"]
[White "Vignale, Stéphane"]
[Black "Dubois, Martine"]
[Result "1/2-1/2"]
[WhiteElo "2086"]
[BlackElo "2073"]
[PlyCount "61"]
[EventDate "2007.07.18"]

1. d4 Nf6 2. Nf3 c5 3. c3 e6 4. Bf4 Nc6 5. e3 cxd4 6. cxd4 Bb4+ 7. Nbd2 d5 8.
Bd3 Ne4 9. a3 Nxd2 10. Nxd2 Bd6 11. Bg3 h5 12. b4 Qe7 13. b5 Nd8 14. Bxd6 Qxd6
15. O-O f5 16. Qc2 Nf7 17. Rfc1 O-O 18. Qc7 Rd8 19. Nf3 Rb8 20. Rc3 Bd7 21.
Rac1 Rbc8 22. Qxd6 Nxd6 23. a4 Rxc3 24. Rxc3 Rc8 25. Rc5 Nf7 26. a5 b6 27.
Rxc8+ Bxc8 28. axb6 axb6 29. Nd2 Bd7 30. Nb1 Nd6 31. Nc3 1/2-1/2